000 00242nam a2200097Ia 4500
008 230915s9999 xx 000 0 und d
050 _aKD 1715 .P75 2017
100 _aCRANSTON,ROSS et.al.
245 0 _aPRINCIPLES OF BANKING LAW
942 _cBK
999 _c162667
_d162667